Statistics for Crusader Castles Map Quiz

Click here to take the quiz!

General Stats

  • This quiz has been taken 31 times
  • The average score is 5 of 27

Answers on the Map

Answers color-coded by a green-red scale on the quiz's map according to % correct below.
 

Answer Stats

Answer% Correct
Riga Castle
68%
Königsberg Castle
50%
Malbork Castle
36%
Krak des Chevaliers
27%
Tower of David
27%
Kerak Castle
23%
Sidon Sea Castle
23%
Toruń Castle
23%
Belvoir Castle
18%
Byblos Castle
18%
Anavarza Castle
14%
Castle of Saladin
14%
Fortress of Corycus
14%
Koz Castle
14%
Kyrenia Castle
14%
Rumkale
14%
Toompea Castle
14%
Bauska Castle
9%
Hermann Castle
9%
Montreal
9%
Cēsis Castle
5%
Grobiņa Castle
5%
île de Graye
5%
Margat
5%
Dobele Castle
0%
Platamon Castle
0%
Viljandi Castle
0%

Score Distribution

Percentile by Number Answered

Percent of People with Each Score

Your Score History

You have not taken this quiz